| 000 | 00832cam a2200265 a 4500 | ||
|---|---|---|---|
| 001 | 40810 | ||
| 003 | BD-RjUL | ||
| 005 | 20211209053300.0 | ||
| 008 | 160510s1989 coua b 001 0 eng | ||
| 020 | _a0813309360 (alk. paper) | ||
| 020 | _a0813309352 (pbk.) | ||
| 035 | _a(BD-RjUL)40925 | ||
| 040 |
_aDLC _d(BD-RjUL) _cDLC _beng |
||
| 041 | _aeng | ||
| 082 | 0 | 0 |
_a320.973 _bROG 1989 _220 |
| 100 | 1 |
_aRobinson, Donald L., _d1936- _9125583 |
|
| 245 | 1 | 0 |
_aGovernment for the Third American Century / _cDonald L. Robinson. |
| 260 |
_aBoulder, Colo. : _bWestview Press, _c1989. |
||
| 300 |
_axvi, 204 p. : _bill. ; _c24 cm. |
||
| 504 | _aIncludes bibliographical references. | ||
| 651 | 0 |
_aUnited States _xPolitics and government _y1945-1989. _9125449 |
|
| 942 |
_2ddc _cBK |
||
| 999 |
_c40810 _d40810 |
||